LIBRARY & INFORMATION CENTRE, KCAET, TAVANUR

ONLINE PUBLIC ACCESS CATALOGUE (OPAC)

Energy-development-Quality of life:Energie-development-qualite-devie Divsion-3 (Record no. 10338)

MARC details
000 -LEADER
fixed length control field 00414cam a2200145ua 4500
003 - CONTROL NUMBER IDENTIFIER
control field OSt
008 - FIXED-LENGTH DATA ELEMENTS--GENERAL INFORMATION
fixed length control field 260213b |||||||| |||| 00| 0 eng d
041 ## - LANGUAGE CODE
Language code of text/sound track or separate title eng
082 ## - DEWEY DECIMAL CLASSIFICATION NUMBER
Classification number 028.74621
Item number ENV/EN
245 ## - TITLE STATEMENT
Title Energy-development-Quality of life:Energie-development-qualite-devie Divsion-3
260 ## - PUBLICATION, DISTRIBUTION, ETC. (IMPRINT)
Place of publication :
Name of publisher Technical papers rappents technics ,
Year of publication 1983.
300 ## - PHYSICAL DESCRIPTION
Number of Pages 200 ; .
942 ## - ADDED ENTRY ELEMENTS (KOHA)
Koha item type Books
Holdings
Withdrawn status Lost status Damaged status Home library Current library Date acquired Full call number Accession Number Koha item type
      KAUAET KAUAET 01/10/1986 028.74621 15784 Reference
      KAUAET KAUAET 01/10/1986 028.74621 15783 Reference
free website counter